Prepositions in Idioms II Quiz Stats

 Plays Quiz Updated Jun 29, 2019

Score 0/20 Timer 03:00
3 Plays Today
% Correct
Than
97.5%
By
97.1%
Over
96.8%
To
96.5%
Under
96.3%
For
96.1%
From
96.1%
On
95.5%
Between
95.1%
Like
94.8%
% Correct
Before
94.5%
Off
94%
Up
93.1%
Out
92.7%
Of
92.5%
As
92%
With
91.7%
At
90.7%
Among
89.7%
In
85.1%

You're not logged in!

Compare scores with friends on all Sporcle quizzes.
OR
Log In

Sporcle TV

Today on Sporcle TV


Watch our educational content, quiz creation guides, and fun videos on Sporcle TV.

Show Comments

Extras

Top Quizzes Today


Score Distribution

Your Account Isn't Verified!

In order to create a playlist on Sporcle, you need to verify the email address you used during registration. Go to your Sporcle Settings to finish the process.

Report this User

Report this user for behavior that violates our Community Guidelines.

Details: